Pseudomonas sp. strain 273, an aerobic alpha, omega-dichloroalkanedegrading bacterium /
Enregistré dans:
| Autres auteurs: | , , , , |
|---|---|
| Format: | Article |
| Langue: | English |
| Sujets: | |
| Tags: |
Ajouter un tag
Pas de tags, Soyez le premier à ajouter un tag!
|
| Thư viện lưu trữ: | Thư viện Trường Đại học Đà Lạt |
|---|
| LEADER | 01046nam a2200361 4500 | ||
|---|---|---|---|
| 001 | DLU090091727 | ||
| 005 | ##20091201 | ||
| 040 | # | # | |a DLU |b eng |
| 041 | # | # | |a eng |
| 044 | # | # | |a us |
| 245 | # | # | |a Pseudomonas sp. strain 273, an aerobic alpha, omega-dichloroalkanedegrading bacterium / |c Catrin Wischnak ... [et al.]. |
| 653 | # | # | |a Alkane |
| 653 | # | # | |a Chlorine |
| 653 | # | # | |a Decane derivatives |
| 653 | # | # | |a Identification |
| 653 | # | # | |a Isolation |
| 653 | # | # | |a Pollutants |
| 653 | # | # | |a Soil |
| 700 | # | # | |a Li, Jieran. |
| 700 | # | # | |a Loffler, Frank E. |
| 700 | # | # | |a Muller, Rudolf. |
| 700 | # | # | |a Urbance, John W. |
| 700 | # | # | |a Wischnak, Catrin. |
| 773 | # | # | |t Applied and Environmental Microbiology |g Vol. 64, no. 9 (September 1998), p. 3507-3511 |
| 920 | # | # | |a Phòng Tạp chí -- Trung tâm Thông tin - Thư viện Trường Đại học Đà Lạt |
| 994 | # | # | |a DLU |
| 900 | # | # | |a True |
| 911 | # | # | |a Trương Bảo Trâm Anh |
| 925 | # | # | |a G |
| 926 | # | # | |a A |
| 927 | # | # | |a BB |
| 980 | # | # | |a Thư viện Trường Đại học Đà Lạt |